000 00566nam a2200193Ia 4500
001 20973
003 GE_BSU
008 181216s||||||||xx |||||||||||||| ||und||
040 _cGE_BSU
245 _aПсихология обучения, №5 Май, 2017.
245 _cГл. ред. Т. Н. Березина и др.
260 _aМосква
260 _c2017
300 _a162გვ. 24სმ.
653 _aПериодика
653 _aПсихология обучения, №5 Май, 2017.
653 _aპერიოდიკა
942 _cCR
999 _c53922
_d53922